|
|
|
|
| LEADER |
00000nab a2200000uu 4500 |
| 001 |
vtls010911518 |
| 003 |
SK-MaSNL |
| 005 |
20260303142654.0 |
| 008 |
230222|1964 xo |||||||||||||||||slo| |
| 015 |
|
|
|a SNBRB
|
| 035 |
|
|
|a (urnnbn)urn:nbn:sk:snk:ar-a08613
|
| 035 |
|
|
|a (uuid)580661fd-7941-42ee-99e6-ddfd59a0b477
|
| 035 |
|
|
|a urn:nbn:sk:snk-ab90pe
|
| 040 |
|
|
|a SNKBUCL
|b slo
|c SNKBUCL
|e AACR2
|
| 041 |
0 |
|
|a slo
|
| 044 |
|
|
|a xo
|c SK
|
| 100 |
1 |
|
|a Nový, J.
|4 aut
|9 591686
|
| 245 |
1 |
0 |
|a ŠTÚDIUM DEDIVOSTI ÚŽITKOVÝCH VLASTNOSTÍ PRI NIEKTORÝCH DRUHOCH HYDINY
|c J. Nový
|
| 246 |
3 |
|
|a A STUDY OF THE HERITABILITY OF USEFNE PROPERTIES IN SOME KINDS OF POULTRY
|
| 246 |
3 |
|
|a Izučenie nasleduemosti poleznych svojstv u nekotorych vidov ptic
|
| 773 |
0 |
|
|t Sborník Vysokej školy poľnohospodárskej v Nitre, Agronomická fakulta
|g Roč. 10, č. 10 (1964), s. [51]-54
|
| 954 |
|
|
|a odborná, vedecká literatúra pôvodná (slovenská)
|2 lita
|
| 958 |
|
|
|a OND
|
| 958 |
|
|
|a EUIPO
|
| 958 |
|
|
|a article10
|
| 999 |
|
|
|c 1985259
|d 1987189
|